Las estaciones prehistóricas del Pla del Maset (Cap de Salou) y Les Gavarres (Constantí) / (Record no. 142659)
[ view plain ]
| 000 -LEADER | |
|---|---|
| campo de control de longitud fija | 00743nam a2200193 i 4500 |
| 001 - NÚMERO DE CONTROL | |
| campo de control | 142659 |
| 003 - IDENTIFICADOR DE NÚMERO DE CONTROL | |
| campo de control | ES-MaACL |
| 005 - FECHA Y HORA DE LA ÚLTIMA TRANSACCIÓN | |
| campo de control | 20230906200603.0 |
| 007 - CAMPO FIJO DE DESCRIPCIÓN FÍSICA--INFORMACIÓN GENERAL | |
| campo de control de longitud fija | t| |
| 008 - DATOS DE LONGITUD FIJA--INFORMACIÓN GENERAL | |
| campo de control de longitud fija | 071009s1968 sp ||||1| spa d |
| 100 1# - ENTRADA PRINCIPAL--NOMBRE DE PERSONA | |
| Nombre de persona | Vilaseca Anguera, Salvador. |
| 9 (RLIN) | 114839 |
| 245 14 - MENCIÓN DEL TÍTULO | |
| Título | Las estaciones prehistóricas del Pla del Maset (Cap de Salou) y Les Gavarres (Constantí) / |
| Mención de responsabilidad, etc. | por Salvador Vilaseca Anguera y Ramón Capdevila. |
| 260 ## - PUBLICACIÓN, DISTRIBUCIÓN, ETC. | |
| Lugar de publicación, distribución, etc. | Reus : |
| Nombre del editor, distribuidor, etc. | Instituto de Estudios Tarraconenses "Ramón Berenguer IV", |
| Fecha de publicación, distribución, etc. | 1968. |
| 300 ## - DESCRIPCIÓN FÍSICA | |
| Extensión | 52 p. : |
| Otras características físicas | il. ; |
| Dimensiones | 25 cm. |
| 650 14 - PUNTO DE ACCESO ADICIONAL DE MATERIA--TÉRMINO DE MATERIA | |
| Término de materia o nombre geográfico como elemento de entrada | Mesolítico. |
| 9 (RLIN) | 15005 |
| 700 1# - ENTRADA AGREGADA--NOMBRE PERSONAL | |
| Nombre de persona | Capdevila, Ramón. |
| 9 (RLIN) | 34799 |
| 710 2# - ENTRADA AGREGADA--NOMBRE DE ENTIDAD CORPORATIVA | |
| Nombre de entidad corporativa o nombre de jurisdicción como elemento de entrada | Instituto de Estudios Tarraconenses "Ramón Berenguer IV" |
| 9 (RLIN) | 4935 |
| 852 ## - LOCALIZACIÓN | |
| Ubicación | ES-MaACL |
| Número de control de estantería | 2067-F-21 |
| Sublocalización o colección | R.68994 |
| Estatus retirado | Estado de pérdida | Estado de daño | No para préstamo | Colección | Biblioteca de origen | Biblioteca actual | Ubicación en estantería | Fecha de adquisición | Fuente de adquisición | Total de préstamos | Signatura topográfica completa | Código de barras | Visto por última vez | Precio de reemplazo | Tipo de ítem Koha |
|---|---|---|---|---|---|---|---|---|---|---|---|---|---|---|---|
| Colección de folletos | Biblioteca del Ateneo de Madrid | Biblioteca del Ateneo de Madrid | Depósito folletos | 17/01/2008 | 2067-F-21 | 1148435 | 23/02/2023 | 23/02/2023 | Folleto |
